|
|
|
|
| LEADER |
00555cam a2200157 7i4500 |
| 001 |
0000017259 |
| 005 |
20060417090000.0 |
| 022 |
0 |
0 |
|a 0128-973 X
|
| 090 |
0 |
0 |
|a STAT 338.09
|b PEN (M)
|
| 245 |
0 |
0 |
|a Penyiasatan industri pembuatan tahunan 2004 =
|l Annual survey of manufacturing industries 2004 :
|b Malaysia.
|
| 260 |
0 |
0 |
|a Kuala Lumpur:
|b Jabatan Perangkaan Malaysia,
|c 2005.
|
| 300 |
# |
# |
|a 156 p.
|
| 650 |
0 |
0 |
|a Industrial surveys --
|z Malaysia
|
| 650 |
0 |
0 |
|a Malaysia --
|x Manufacturing
|
| 651 |
0 |
0 |
|a Malaysia
|
| 999 |
|
|
|a 0000018370
|b Book
|c Statistics
|e Business Information Centre
|